000 00504nam a2200145 4500
082 _aMSIT-13 KHA
100 _aMuhammad Umar Khan
245 _aAn optimistic PDES protocol over dynamic cloud
260 _aIslamabad
_bNUST-SEECS
_c2016
300 _a39p.
_eCD Includes
856 _uhttp://10.250.8.41:8080/xmlui/handle/123456789/9927
942 _2ddc
_cTHE
999 _c328943
_d328943